000 00229nam a2200097Ia 4500
005 20251222114349.0
008 251222s1900||||xx |||||||||||||| ||spa||
082 _aDVD0070/D25/2001
245 0 _aEl Majestic:The Majestic
942 _cDVD
999 _c1172
_d1172